| 000 | 01626cam a22002533a 4500 | ||
|---|---|---|---|
| 001 | 12515 | ||
| 003 | PGUSA | ||
| 005 | 20140828083252.0 | ||
| 008 | 040601s2004||||xxu|||||s|||||000 i eng d | ||
| 040 |
_aPGUSA _beng |
||
| 042 | _adc | ||
| 050 | 4 | _aPR | |
| 245 | 1 | 0 |
_aSelected English Letters (XV - XIX Centuries) _h[electronic resource] |
| 260 |
_bProject Gutenberg, _c2004 |
||
| 505 | 0 | _aSir Thomas More -- Margaret Roper -- Roger Ascham -- Francis Bacon -- Sir Thomas Browne -- John Milton -- John Evelyn -- Dame Dorothy Browne -- George, Lord Berkeley -- Dorothy Osborne -- Katharine Philips -- John Locke -- Samuel Pepys -- Jonathan Swift -- Joseph Addison -- Sir Richard Steele -- John Gay -- Alexander Pope -- Samuel Richardson -- Lady Mary Wortley Montagu -- Philip Dormer Stanhope, Earl of Chesterfield -- Samuel Johnson -- Laurence Sterne -- Thomas Gray -- Horace Walpole -- Oliver Goldsmith -- William Cowper -- Edmund Burke -- Edward Gibbon -- Frances D'Arblay -- George Crabbe -- William Blake -- Mary Leadbeater -- Robert Burns -- William Wordsworth -- Sir Walter Scott -- Samuel Taylor Coleridge -- Robert Southey -- Charles Lamb -- William Hazlitt -- Leigh Hunt -- George Gordon Noel, Lord Byron -- Percy Bysshe Shelley -- John Keats -- Thomas Hood -- Robert Browning -- Elizabeth Barrett Browning -- Charlotte Brontë. | |
| 506 | _aPublic domain in the USA. | ||
| 516 | _aElectronic text | ||
| 653 | _aEnglish letters | ||
| 700 | 1 |
_aWragg, Harriet, _d1881- |
|
| 700 | 1 |
_aDuckitt, Mabel, _d1881- |
|
| 830 | 0 |
_aProject Gutenberg _v12515 |
|
| 856 | 4 | 0 | _uhttp://www.gutenberg.org/ebooks/12515 |
| 942 | _cEB | ||
| 999 |
_c241770 _d241770 |
||